000 00748nam a22001937a 4500
999 _c16351
_d16351
003 AR-CdUCM
008 190225b ||||| |||| 00| 0 spa d
040 _aMUNICIPALIDAD PROVINCIAL DEL CUSCO
_cBIBLIOTECA MUNICIPAL DEL CUSCO
082 _a900 /
_bSP74
100 _aSpengler, Oswald.
_929274
245 _aAños de decisión :
_bAlemania y el desarrollo histórico mundial /
260 _bENE.,
_c1934.
300 _a194 paginas ;
_c19 cm.
505 _aContenido :Esquema histórico -- El espejismo de la revolución -- Génesis del latifundio Mexicano -- Los factores de la revolución -- La penetración imperialista ...
650 _aHistoria del Perú.
_9259
650 _aSiglo XX.
_98
942 _2ddc
_cLIBROS
945 _arum
_d2019-05-03